Corruption as Business Practice? Corporate Criminal Liability in the European Union

Gespeichert in:  
Bibliographische Detailangaben
1. VerfasserIn: Hetzer, Wolfgang 1951- (Verfasst von)
Medienart: Druck Aufsatz
Sprache:Nichtbestimmte Sprache
Veröffentlicht: 2007
In: European journal of crime, criminal law and criminal justice
Jahr: 2007, Band: 15, Heft: 3/4, Seiten: 383-405
Verfügbarkeit prüfen: HBZ Gateway
Schlagwörter:

MARC

LEADER 00000caa a22000002c 4500
001 1639132538
003 DE-627
005 20220608124145.0
007 tu
008 160223s2007 xx ||||| 00| ||und c
035 |a (DE-627)1639132538 
035 |a (DE-576)455776598 
035 |a (DE-599)BSZ455776598 
040 |a DE-627  |b ger  |c DE-627  |e rakwb 
100 1 |a Hetzer, Wolfgang  |d 1951-  |0 (DE-588)124951236  |0 (DE-627)368960889  |0 (DE-576)161409822  |4 aut 
109 |a Hetzer, Wolfgang 1951- 
245 1 0 |a Corruption as Business Practice? Corporate Criminal Liability in the European Union  |c Wolfgang Hetzer 
264 1 |c 2007 
336 |a Text  |b txt  |2 rdacontent 
337 |a ohne Hilfsmittel zu benutzen  |b n  |2 rdamedia 
338 |a Band  |b nc  |2 rdacarrier 
773 0 8 |i In  |t European journal of crime, criminal law and criminal justice  |d Leiden : Nijhoff, 1993  |g 15(2007), 3/4, Seite 383-405  |w (DE-627)171294025  |w (DE-600)1174549-6  |w (DE-576)038869942  |x 0928-9569  |7 nnas 
773 1 8 |g volume:15  |g year:2007  |g number:3/4  |g pages:383-405 
776 1 |o 10.1163/092895607X231215 
935 |a mkri 
951 |a AR 
ELC |b 1 
LOK |0 000 xxxxxcx a22 zn 4500 
LOK |0 001 3299417126 
LOK |0 003 DE-627 
LOK |0 004 1639132538 
LOK |0 005 20250721123225 
LOK |0 008 160208||||||||||||||||ger||||||| 
LOK |0 040   |a DE-21-110  |c DE-627  |d DE-21-110 
LOK |0 689   |a s  |a Korruption 
LOK |0 689   |a s  |a Unternehmenskriminalität 
LOK |0 689   |a s  |a Unternehmenshaftung 
LOK |0 689   |a s  |a Kriminalpolitik 
LOK |0 852   |a DE-21-110 
LOK |0 852 1  |m p  |9 00 
LOK |0 935   |a k110 
LOK |0 938   |k p 
LOK |0 939   |a 08-02-16  |b l01 
ORI |a SA-MARC-krimdoka001.raw